| 000 | 13143nas1a22009851 4500 | ||
|---|---|---|---|
| 001 | RU\NLR\INFOCOMM17\1000387282 | ||
| 005 | 20250807190122.0 | ||
| 035 | _a(NLR Aleph) 002762666 | ||
| 090 |
_a1031 _c1031 |
||
| 100 | _a20250807 rusy50 | ||
| 101 | 0 | _arus | |
| 102 | _aRU | ||
| 110 | _azyu||||0|y0 | ||
| 200 | 1 |
_aИнформационное письмо ВТИ _fВсесоюз. ордена Труд. Красного знамени теплотехн. науч.-исслед. ин-т им.Ф.Э.Дзержинского |
|
| 210 |
_aМ. _cГосэнергоиздат _d1939-1962 |
||
| 710 | 0 | 2 |
_aВсесоюзный научно-исследовательский теплотехнический институт им. Ф.Э.Дзержинского _4070 |
| 801 | 1 |
_aRU _bInfoComm _c20040210 |
|
| 801 | 0 |
_aRU _bNLR _gPSBO |
|
| 852 |
_aNLR _jП10/901 |
||
| 942 | _cSE | ||
| 945 | _aРоссийская национальная библиотека | ||
| 980 | _aNB | ||
| 980 | _aBV | ||
| 980 | _aRUSPER | ||